000 00614nam a22002177a 4500
003 UA-OsUOA
001 71304
007 ta
008 20101018b un ||||| |||| 00| 0 ukr d
100 _aМихайленко С.
090 _a330(477)
_bМ69
942 _cSA
040 _aUA-OsUOA
_bukr
_cUA-OsUOA
_dUA-OsUOA
245 _aМетодичні підходи до оцінювання обгрунтованності проектів бюджетів
300 _aС.54-63
955 _a0
041 _aukr
080 _a330(477)
773 0 _w71302
650 7 _a330 Економіка взагалі
_2UDC
999 _c357582
_d357582